[Event "SVK-chT2A 1415"]
[Site "Slovakia"]
[Date "2014.12.07"]
[Round "6.2"]
[White "Maslikova, Veronika"]
[Black "Duriga, Stefan"]
[Result "1/2-1/2"]
[WhiteElo "2234"]
[BlackElo "2239"]
[PlyCount "108"]
[EventDate "2014.10.11"]
[EventType "team-tourn"]
[EventRounds "11"]
[EventCountry "SVK"]
[SourceTitle "EXT 2016"]
[Source "ChessBase"]
[SourceDate "2015.10.08"]
[SourceVersion "1"]
[SourceVersionDate "2015.10.08"]
[SourceQuality "1"]
[WhiteTeam "Bratislava KSN"]
[BlackTeam "Bratislava Krasnany"]
[WhiteTeamCountry "SVK"]
[BlackTeamCountry "SVK"]

1. e4 d6 2. d4 Nf6 3. Nc3 g6 4. f3 Bg7 5. Bg5 h6 6. Be3 Nc6 7. Qd2 e5 8. dxe5 Nxe5 9. 0-0-0 Be6 10. Nd5 a6 11. Kb1 b5 12. g4 Nfd7 13. h3 Rb8 14. f4 Bxd5 15. exd5 Nc4 16. Bxc4 bxc4 17. Bd4 Bxd4 18. Qxd4 0-0 19. Qxc4 Qf6 20. Qd4 Rfe8 21. Nf3 Re3 22. Qxf6 Nxf6 23. Rhf1 Rbe8 24. Kc1 R8e4 25. f5 Rf4 26. Nd4 Rxf1 27. Rxf1 g5 28. Rf3 Rxf3 29. Nxf3 Nxd5 30. Kd2 Kg7 31. c4 Nf4 32. b4 Nxh3 33. a4 Kf6 34. a5 Ke7 35. b5 Kd7 36. bxa6 Kc8 37. Ke3 Nf4 38. Nd4 Kb8 39. Nc6+ Ka8 40. Ke4 h5 41. gxh5 Nxh5 42. Kf3 Nf6 43. Nd8 Ka7 44. Nxf7 g4+ 45. Kg3 Kxa6 46. Nh6 Kxa5 47. Nxg4 Nd7 48. Ne3 c6 49. Kf4 Kb4 50. Kg5 Kc3 51. f6 Kd4 52. Nf5+ Ke5 53. Ne7 c5 54. Nc6+ Ke6 1/2-1/2

[Event "SVK-chT2A 1314"]
[Site "Slovakia"]
[Date "2014.02.01"]
[Round "7.5"]
[White "Duriga, Stefan"]
[Black "Machalova, Maria"]
[Result "1-0"]
[WhiteElo "2243"]
[BlackElo "2091"]
[PlyCount "75"]
[EventDate "2013.10.19"]
[EventType "team-tourn"]
[EventRounds "11"]
[EventCountry "SVK"]
[SourceTitle "EXT 2015"]
[Source "ChessBase"]
[SourceDate "2014.11.20"]
[SourceVersion "1"]
[SourceVersionDate "2014.11.20"]
[SourceQuality "1"]
[WhiteTeam "Krasnany"]
[BlackTeam "Bratislava KSN"]
[WhiteTeamCountry "SVK"]
[BlackTeamCountry "SVK"]

1. d4 Nf6 2. c4 e6 3. Nf3 b6 4. g3 Bb7 5. Bg2 Be7 6. 0-0 0-0 7. Nc3 d5 8. Ne5 Nbd7 9. Qa4 c5 10. Nxd7 Nxd7 11. cxd5 cxd4 12. Qxd4 Bf6 13. Qd2 Bxc3 14. bxc3 e5 15. Ba3 Re8 16. Be7 Qc8 17. d6 Bxg2 18. Kxg2 Qb7+ 19. Kg1 Nc5 20. Rfd1 Qd7 21. Qd5 e4 22. Rd4 Rac8 23. a4 Ne6 24. Rc4 Nc5 25. Rd1 a5 26. Rdd4 h6 27. Kg2 Rb8 28. h3 Rbc8 29. g4 Ne6 30. Qb5 Qxb5 31. axb5 Rxc4 32. Rxc4 f6 33. Rc6 Nc5 34. Rxc5 bxc5 35. d7 Ra8 36. b6 a4 37. b7 Rb8 38. d8Q+ 1-0

[Event "SVK-chT2A 1112"]
[Site "Slovakia"]
[Date "2011.11.06"]
[Round "4.4"]
[White "Duriga, Stefan"]
[Black "Hertel, Ondrej"]
[Result "1/2-1/2"]
[WhiteElo "2242"]
[BlackElo "2073"]
[PlyCount "92"]
[EventDate "2011.10.08"]
[EventType "team-tourn"]
[EventRounds "11"]
[EventCountry "SVK"]
[SourceTitle "EXT 2013"]
[Source "ChessBase"]
[SourceDate "2012.11.22"]
[SourceVersion "1"]
[SourceVersionDate "2012.11.22"]
[SourceQuality "1"]
[WhiteTeam "Krasnany"]
[BlackTeam "Trnava Lokomotiva II"]
[WhiteTeamCountry "SVK"]
[BlackTeamCountry "SVK"]

1. d4 d5 2. c4 e6 3. Nc3 Nf6 4. Bg5 Nbd7 5. e3 c6 6. Nf3 Qa5 7. Bxf6 Nxf6 8. Bd3 Bb4 9. Qb3 0-0 10. 0-0 dxc4 11. Bxc4 b6 12. Ne5 Bxc3 13. Nxc6 Qg5 14. f4 Qh5 15. Qxc3 Bb7 16. Ne5 Rac8 17. Qe1 Ng4 18. Nxg4 Qxg4 19. Qe2 Qxg2+ 20. Qxg2 Bxg2 21. Rfc1 Bb7 22. Bb5 Rfd8 23. Kf2 Kf8 24. a3 Ke7 25. Bd3 h6 26. Rxc8 Rxc8 27. Rg1 Kf8 28. e4 g6 29. Ke3 Ke7 30. h4 Rc7 31. e5 Bd5 32. Kd2 Kf8 33. Rc1 Rxc1 34. Kxc1 f5 35. Kd2 Kf7 36. Be2 Ke7 37. Kc3 Kd8 38. Bb5 Ke7 39. Kb4 Kf7 40. Be2 Bc6 41. Bd1 Ke7 42. Bb3 Kf7 43. Bc4 Ke7 44. Kc3 Kf7 45. Kd2 Ke7 46. Ke3 Kf7 1/2-1/2

[Event "SVK-chT2A 0506"]
[Site "Slovakia"]
[Date "2005.12.17"]
[Round "5.2"]
[White "Duriga, Stefan"]
[Black "Biro, Karol"]
[Result "1/2-1/2"]
[WhiteElo "2263"]
[BlackElo "2172"]
[PlyCount "59"]
[EventDate "2005.10.22"]
[EventType "team-tourn"]
[EventRounds "11"]
[EventCountry "SVK"]
[SourceTitle "EXT 2009"]
[Source "ChessBase"]
[SourceDate "2008.11.26"]
[SourceVersion "1"]
[SourceVersionDate "2008.11.26"]
[SourceQuality "1"]

1. d4 d5 2. c4 e6 3. Nc3 Nf6 4. Bg5 Be7 5. e3 Ne4 6. Bxe7 Qxe7 7. Rc1 Nxc3 8. bxc3 0-0 9. Nf3 Nd7 10. Qb3 c6 11. Be2 dxc4 12. Bxc4 e5 13. 0-0 e4 14. Nd2 Nf6 15. Qb4 Qc7 16. a4 Ng4 17. g3 Nf6 18. Rb1 b6 19. Rfc1 Bh3 20. Ba6 h5 21. Nc4 Rad8 22. a5 Nd5 23. Qa3 h4 24. Nd2 hxg3 25. hxg3 Nxe3 26. Nxe4 Rfe8 27. Bd3 Bf5 28. axb6 axb6 29. Re1 Bxe4 30. Rxe3 1/2-1/2

[Event "SVK-chT1W 0203"]
[Site "Slovakia"]
[Date "2003.01.18"]
[Round "7.1"]
[White "Duriga, Stefan"]
[Black "Kleman, Miroslav"]
[Result "1-0"]
[WhiteElo "2221"]
[BlackElo "2207"]
[PlyCount "57"]
[EventDate "2002.10.12"]
[EventType "team-tourn"]
[EventRounds "11"]
[EventCountry "SVK"]
[SourceTitle "EXT 2005"]
[Source "ChessBase"]
[SourceDate "2004.11.15"]
[SourceVersion "1"]
[SourceVersionDate "2004.11.15"]
[SourceQuality "1"]
[WhiteTeam "Bratislava Krasnany"]
[BlackTeam "Bratislava Doprastav"]
[WhiteTeamCountry "SVK"]
[BlackTeamCountry "SVK"]

1. d4 Nf6 2. Nf3 d6 3. c4 Nbd7 4. Nc3 e5 5. Bg5 Be7 6. e3 h6 7. Bxf6 Bxf6 8. Bd3 0-0 9. 0-0 c6 10. Qc2 Qb6 11. Rfd1 Kh8 12. Rab1 a5 13. Bf1 Be7 14. a3 f5 15. b4 e4 16. Nd2 axb4 17. axb4 Nf6 18. h3 g5 19. c5 Qc7 20. cxd6 Bxd6 21. Nc4 f4 22. Nxd6 Qxd6 23. Qd2 Bf5 24. b5 g4 25. d5 Rad8 26. bxc6 bxc6 27. Rb6 Nxd5 28. Nxd5 Qxd5 29. Qc3+ 1-0

[Event "SVK-chT1W 0203"]
[Site "Slovakia"]
[Date "2002.12.01"]
[Round "6.1"]
[White "Tepper, Frantisek"]
[Black "Duriga, Stefan"]
[Result "1/2-1/2"]
[WhiteElo "2240"]
[BlackElo "2223"]
[PlyCount "30"]
[EventDate "2002.10.12"]
[EventType "team-tourn"]
[EventRounds "11"]
[EventCountry "SVK"]
[SourceTitle "EXT 2005"]
[Source "ChessBase"]
[SourceDate "2004.11.15"]
[SourceVersion "1"]
[SourceVersionDate "2004.11.15"]
[SourceQuality "1"]
[WhiteTeam "Bratislava DP "]
[BlackTeam "Bratislava Krasnany"]
[WhiteTeamCountry "SVK"]
[BlackTeamCountry "SVK"]

1. e4 d6 2. d4 Nf6 3. Bd3 e5 4. c3 g6 5. Nf3 Nbd7 6. 0-0 Bg7 7. Re1 0-0 8. Nbd2 Qe7 9. Nf1 Nb6 10. Ng3 c5 11. dxc5 dxc5 12. h3 c4 13. Bf1 Qc7 14. Qc2 h6 15. Be3 Be6 1/2-1/2

[Event "SVK-chT2W 0102"]
[Site "Slovakia"]
[Date "2002.01.12"]
[Round "7.1"]
[White "Drtina, Milan"]
[Black "Duriga, Stefan"]
[Result "1-0"]
[WhiteElo "2273"]
[BlackElo "2230"]
[PlyCount "87"]
[EventDate "2001.10.??"]
[EventType "team"]
[EventRounds "11"]
[EventCountry "SVK"]
[SourceTitle "EXT 2006"]
[Source "ChessBase"]
[SourceDate "2005.11.24"]
[SourceVersion "1"]
[SourceVersionDate "2005.11.24"]
[SourceQuality "1"]

1. e4 c5 2. c4 Nc6 3. Ne2 g6 4. d4 cxd4 5. Nxd4 Bg7 6. Be3 Nf6 7. Nc3 Ng4 8. Qxg4 Nxd4 9. Qd1 Nc6 10. Rc1 0-0 11. Qd2 d6 12. Be2 Be6 13. Bh6 Bxh6 14. Qxh6 Qa5 15. h4 f6 16. 0-0 Rac8 17. Rfd1 Ne5 18. b3 a6 19. Qd2 Rc7 20. f4 Qc5+ 21. Kh2 Ng4+ 22. Bxg4 Bxg4 23. Qd5+ Kg7 24. Qxc5 Rxc5 25. Rd5 Rfc8 26. Kg3 h5 27. a4 R8c6 28. a5 e6 29. Rxc5 Rxc5 30. Ra1 Kf7 31. Kf2 g5 32. g3 gxh4 33. gxh4 f5 34. Ra4 Kf6 35. Rb4 Rxa5 36. Rxb7 Ra1 37. Rb6 Rc1 38. Na4 fxe4 39. Rxd6 Rc2+ 40. Ke3 Re2+ 41. Kd4 Rd2+ 42. Kc5 e3 43. Nc3 Rc2 44. Nd5+ 1-0

[Event "SVK-chT2W 0102"]
[Site "Slovakia"]
[Date "2001.12.16"]
[Round "6.1"]
[White "Duriga, Stefan"]
[Black "Skreno, Vladimir"]
[Result "1-0"]
[WhiteElo "2230"]
[BlackElo "2065"]
[PlyCount "109"]
[EventDate "2001.10.??"]
[EventType "team"]
[EventRounds "11"]
[EventCountry "SVK"]
[SourceTitle "EXT 2006"]
[Source "ChessBase"]
[SourceDate "2005.11.24"]
[SourceVersion "1"]
[SourceVersionDate "2005.11.24"]
[SourceQuality "1"]

1. d4 Nf6 2. Nf3 g6 3. Bf4 Bg7 4. e3 d6 5. h3 0-0 6. Be2 c5 7. c3 cxd4 8. exd4 d5 9. 0-0 Nc6 10. Re1 a6 11. Nbd2 e6 12. a4 Bd7 13. Bd3 b6 14. Qe2 Qc8 15. Ne5 Nxe5 16. Bxe5 Qb7 17. Nb3 a5 18. Nd2 Bc6 19. f4 Qd7 20. Bc2 Rfe8 21. g4 Rac8 22. Kh2 Ne4 23. Bxe4 f6 24. Bc2 fxe5 25. fxe5 Bh6 26. Nf3 Qf7 27. Rf1 Qf4+ 28. Kg2 Rf8 29. Bd3 Qe3 30. Qxe3 Bxe3 31. Ne1 Rxf1 32. Kxf1 g5 33. Ke2 Bf4 34. Bb5 Bxb5+ 35. axb5 Rf8 36. Nd3 h5 37. b4 axb4 38. Nxb4 hxg4 39. hxg4 Bg3 40. Nd3 Kg7 41. Ra7+ Rf7 42. Rxf7+ Kxf7 43. Kf3 Bh4 44. Ke2 Ke7 45. Nb2 Kd7 46. c4 dxc4 47. Nxc4 Kc7 48. Ke3 Be1 49. Ke4 Bf2 50. d5 Kd7 51. Nd2 Bg3 52. Nf3 Bf4 53. dxe6+ Kxe6 54. Nd4+ Kf7 55. Kf5 1-0

[Event "SVK-chT3A 0001"]
[Site "Slovakia"]
[Date "2000.??.??"]
[Round "3"]
[White "Duriga, Stefan"]
[Black "Harasta, Vladimir"]
[Result "1/2-1/2"]
[WhiteElo "2236"]
[BlackElo "2186"]
[PlyCount "101"]
[EventDate "2000.??.??"]
[EventType "team"]
[EventRounds "9"]
[EventCountry "SVK"]
[SourceTitle "EXT 2002"]
[Source "ChessBase"]
[SourceDate "2001.11.25"]
[SourceVersion "1"]
[SourceVersionDate "2001.11.25"]
[SourceQuality "1"]

1. d4 d5 2. Nf3 c5 3. dxc5 e6 4. c4 Bxc5 5. cxd5 exd5 6. e3 Nf6 7. a3 a5 8. b3 0-0 9. Bb2 Nc6 10. Be2 Qe7 11. Nc3 Bg4 12. Nb5 Ne4 13. Nfd4 Nxd4 14. Nxd4 Qh4 15. g3 Bxe2 16. Qxe2 Qh3 17. Qf1 Qxf1+ 18. Rxf1 Bxd4 19. Bxd4 Rfc8 20. f3 Ng5 21. Kd2 f6 22. Rac1 Rxc1 23. Kxc1 a4 24. Kb2 axb3 25. Kxb3 Rc8 26. a4 Kf7 27. a5 Ke7 28. Bb6 Ke6 29. h4 Nf7 30. g4 Nd6 31. Bd4 Nc4 32. Kb4 Ra8 33. Ra1 Ra6 34. f4 f5 35. g5 g6 36. h5 gxh5 37. Rh1 Nxa5 38. Rxh5 Nc6+ 39. Kc5 Nxd4 40. Kxd4 Ra4+ 41. Kc5 Rc4+ 42. Kb5 Re4 43. Rh6+ Kf7 44. Rxh7+ Kg6 45. Rh6+ Kg7 46. Rb6 d4 47. Rxb7+ Kg6 48. Rb6+ Kg7 49. exd4 Rxd4 50. Kc5 Rxf4 51. Rf6 1/2-1/2

[Event "SVK-chT2A 9798"]
[Site "Slovakia"]
[Date "1998.??.??"]
[Round "?"]
[White "Duriga, Stefan"]
[Black "Harasta, Vladimir"]
[Result "1-0"]
[WhiteElo "2210"]
[BlackElo "2190"]
[PlyCount "73"]
[EventDate "1997.??.??"]
[EventType "team"]
[EventRounds "11"]
[EventCountry "SVK"]
[SourceTitle "EXT 2001"]
[Source "ChessBase"]
[SourceDate "2000.11.22"]
[SourceVersion "1"]
[SourceVersionDate "2000.11.22"]
[SourceQuality "1"]

1. d4 d5 2. Nf3 Nf6 3. c3 c6 4. Bf4 Bf5 5. e3 e6 6. Bd3 Qb6 7. Bxf5 exf5 8. Qc2 g6 9. 0-0 Bg7 10. c4 0-0 11. c5 Qd8 12. Nbd2 Nbd7 13. b4 Ne4 14. Rab1 a6 15. a4 h6 16. b5 axb5 17. axb5 g5 18. Bg3 f4 19. exf4 f5 20. bxc6 bxc6 21. h3 g4 22. hxg4 fxg4 23. Ne5 Bxe5 24. dxe5 Ndxc5 25. Nxe4 Nxe4 26. Qxc6 Ra7 27. Rfd1 Qd7 28. Qxh6 Qh7 29. Qe6+ Kh8 30. Rbc1 Qh5 31. Rc8 Rxc8 32. Qxc8+ Kg7 33. Rb1 Qg6 34. f5 Qg5 35. Qb8 Rf7 36. e6 Nxg3 37. exf7 1-0

[Event "SVK-chT2A 9798"]
[Site "Slovakia"]
[Date "1998.??.??"]
[Round "?"]
[White "Kramarik, Peter"]
[Black "Duriga, Stefan"]
[Result "0-1"]
[WhiteElo "2040"]
[BlackElo "2210"]
[PlyCount "160"]
[EventDate "1997.??.??"]
[EventType "team"]
[EventRounds "11"]
[EventCountry "SVK"]
[SourceTitle "EXT 2001"]
[Source "ChessBase"]
[SourceDate "2000.11.22"]
[SourceVersion "1"]
[SourceVersionDate "2000.11.22"]
[SourceQuality "1"]

1. e4 g6 2. d4 Bg7 3. f4 d5 4. e5 h5 5. Be3 Nh6 6. Nf3 Bg4 7. Be2 e6 8. Bf2 Nf5 9. Ng5 Bxe2 10. Qxe2 c6 11. c3 Bh6 12. Nh3 Qb6 13. Qc2 Nd7 14. Nd2 Bf8 15. b4 a5 16. bxa5 Qxa5 17. 0-0 Qa4 18. Qd3 b5 19. Rfb1 Be7 20. Ng5 Nb6 21. Ngf3 Qa6 22. Ne1 Qc8 23. Nc2 Ra5 24. Ne3 Qa8 25. Nxf5 gxf5 26. Rb2 Nc4 27. Nxc4 dxc4 28. Qc2 Qc8 29. Qe2 Qd7 30. Be3 Qd5 31. Kf2 Ra3 32. Rc1 Kd7 33. Qf3 Rg8 34. Qxd5+ exd5 35. Re2 Rga8 36. Rcc2 Ke6 37. Bc1 R3a4 38. Kf3 Bd8 39. h3 Bb6 40. Be3 Ra3 41. Kf2 Ba5 42. Bd2 Rb8 43. Kf1 h4 44. Be1 Bd8 45. Bd2 Be7 46. Be1 Rh8 47. Rb2 Rh6 48. Rbc2 Kd7 49. Rb2 Kc7 50. Rec2 Kb6 51. Rb1 Ka6 52. Rcb2 f6 53. Re2 Kb6 54. Rbb2 Rh5 55. Rbc2 fxe5 56. fxe5 Kc7 57. Rf2 Kd7 58. Rf4 Ke6 59. Rb2 Bg5 60. Rf3 Be7 61. Rf4 Bg5 62. Rf3 Rh7 63. Rff2 Rha7 64. Rbc2 Be3 65. Rfe2 f4 66. Bxh4 b4 67. Be1 bxc3 68. Bxc3 c5 69. dxc5 d4 70. Bxd4 Bxd4 71. Rxc4 Kd5 72. Rcc2 Bxe5 73. Rcd2+ Ke6 74. Rd6+ Kf5 75. Rd5 Re3 76. g4+ Ke4 77. Rdd2 Rb7 78. c6 Rb1+ 79. Kf2 Rc1 80. Rc2 Rxc2 0-1

[Event "SVK-chT2A 9899"]
[Site "Slovakia"]
[Date "1998.??.??"]
[Round "9"]
[White "Petrik, Tomas"]
[Black "Duriga, Stefan"]
[Result "0-1"]
[WhiteElo "2275"]
[BlackElo "2215"]
[PlyCount "74"]
[EventDate "1998.??.??"]
[EventType "team"]
[EventRounds "9"]
[EventCountry "SVK"]
[SourceTitle "EXT 2001"]
[Source "ChessBase"]
[SourceDate "2000.11.22"]
[SourceVersion "1"]
[SourceVersionDate "2000.11.22"]
[SourceQuality "1"]

1. e4 d6 2. d4 Nf6 3. Nc3 g6 4. f4 Bg7 5. Nf3 0-0 6. Be2 c5 7. dxc5 Qa5 8. 0-0 Qxc5+ 9. Kh1 Nc6 10. Nd2 Nd4 11. Nb3 Nxb3 12. axb3 a6 13. Bf3 Be6 14. Nd5 Nxd5 15. exd5 Bd7 16. Re1 Rfe8 17. Be3 Qc7 18. c3 e5 19. dxe6 Bxe6 20. b4 d5 21. Qd2 Rad8 22. Bd4 Bxd4 23. Qxd4 Rd7 24. Rad1 Rc8 25. Qf6 Qd8 26. Rxe6 fxe6 27. Qxe6+ Kh8 28. Bg4 Rcc7 29. Qe5+ Rg7 30. Rxd5 Qe7 31. Be6 h6 32. h3 Qf8 33. Bd7 Rc4 34. f5 gxf5 35. b3 Re4 36. Qxf5 Re1+ 37. Kh2 Qb8+ 0-1

[Event "SVK-chT2A 9798"]
[Site "Slovakia"]
[Date "1997.??.??"]
[Round "?"]
[White "Duriga, Stefan"]
[Black "Bisco, Igor"]
[Result "1/2-1/2"]
[WhiteElo "2210"]
[BlackElo "2120"]
[PlyCount "123"]
[EventDate "1997.??.??"]
[EventType "team"]
[EventRounds "11"]
[EventCountry "SVK"]
[SourceTitle "EXT 2001"]
[Source "ChessBase"]
[SourceDate "2000.11.22"]
[SourceVersion "1"]
[SourceVersionDate "2000.11.22"]
[SourceQuality "1"]

1. d4 Nf6 2. Nf3 d6 3. Nc3 Nbd7 4. e4 e5 5. dxe5 dxe5 6. Bc4 Bb4 7. 0-0 0-0 8. Qe2 c6 9. Rd1 Qc7 10. Bg5 b5 11. Bb3 Be7 12. Nh4 Nc5 13. Nf5 a5 14. a3 Nxb3 15. cxb3 Be6 16. Qf3 Rfd8 17. Ne2 Bxf5 18. Qxf5 g6 19. Qf3 Nh5 20. Be3 Ng7 21. h3 Ne6 22. Qg3 Rxd1+ 23. Rxd1 Rd8 24. Rc1 Rd3 25. Nc3 Nf4 26. Qf3 Qd7 27. Qg4 Qxg4 28. hxg4 Rxc3 29. bxc3 Ne2+ 30. Kf1 Nxc1 31. Bxc1 a4 32. b4 f6 33. Ke2 Kf7 34. Be3 Ke6 35. f3 Bd6 36. Kd3 Kd7 37. g3 Ke6 38. f4 f5 39. gxf5+ gxf5 40. Bd2 h5 41. Ke3 exf4+ 42. gxf4 Be7 43. Be1 Bf6 44. Kf3 Bd8 45. Bf2 Be7 46. e5 Kd5 47. Kg3 Kc4 48. Bd4 Kd5 49. Kh3 Bd8 50. Bc5 Ke4 51. e6 Kxf4 52. e7 Bxe7 53. Bxe7 Ke4 54. Kg2 Kd3 55. Kf3 Kxc3 56. Ke2 f4 57. Bh4 f3+ 58. Ke3 Kb3 59. Kd3 Kxa3 60. Kc3 Ka2 61. Kc2 Ka3 62. Kc3 1/2-1/2

[Event "SVK-chT"]
[Site "Slovakia"]
[Date "1995.??.??"]
[Round "?"]
[White "Demeter, Peter"]
[Black "Duriga, Stefan"]
[Result "0-1"]
[WhiteElo "2335"]
[BlackElo "2255"]
[PlyCount "82"]
[EventDate "1995.??.??"]
[EventType "team"]
[EventRounds "13"]
[EventCountry "SVK"]
[SourceTitle "EXT 1997"]
[Source "ChessBase"]
[SourceDate "1996.11.15"]
[SourceVersion "1"]
[SourceVersionDate "1996.11.15"]
[SourceQuality "1"]

1. e4 g6 2. d4 Bg7 3. Nc3 c5 4. Nf3 cxd4 5. Nxd4 Nc6 6. Be3 Nf6 7. Nb3 0-0 8. Be2 d5 9. exd5 Nb4 10. d6 Qxd6 11. Qxd6 exd6 12. 0-0-0 Ng4 13. Bxg4 Bxg4 14. Rxd6 Rfc8 15. Bc5 a5 16. Bxb4 axb4 17. Nd5 Bf8 18. Rb6 Be6 19. Rd1 Bxd5 20. Rxd5 Rc7 21. Na5 Rac8 22. Kd1 Rxc2 23. Rd2 Rc1+ 24. Ke2 Bh6 25. Rd4 R8c2+ 26. Kf3 Rxb2 27. Rdxb4 Rc3+ 28. Ke4 Rxa2 29. Nxb7 Rxf2 30. Rb2 Re3+ 31. Kd5 Ree2 32. Rxe2 Rxe2 33. Nd6 Rxg2 34. Rb7 Rf2 35. h3 Bf8 36. Ne4 Rf3 37. h4 Rf4 38. Ng5 h6 39. Ne4 Kg7 40. Ke5 Rxh4 41. Nf6 Bd6+ 0-1

[Event "SVK-chT"]
[Site "Slovakia"]
[Date "1995.??.??"]
[Round "?"]
[White "Hyll, Jan"]
[Black "Duriga, Stefan"]
[Result "1/2-1/2"]
[WhiteElo "2085"]
[BlackElo "2255"]
[PlyCount "67"]
[EventDate "1995.??.??"]
[EventType "team"]
[EventRounds "13"]
[EventCountry "SVK"]
[SourceTitle "EXT 1997"]
[Source "ChessBase"]
[SourceDate "1996.11.15"]
[SourceVersion "1"]
[SourceVersionDate "1996.11.15"]
[SourceQuality "1"]

1. e4 g6 2. d4 Bg7 3. c3 d5 4. exd5 Qxd5 5. Be2 c5 6. Bf3 Qe6+ 7. Ne2 cxd4 8. cxd4 Nf6 9. Nbc3 0-0 10. 0-0 Rd8 11. d5 Qd7 12. h3 Na6 13. Bf4 b6 14. Qb3 Bb7 15. Rad1 Rac8 16. a3 Nc5 17. Qa2 h6 18. b4 Na4 19. Be5 Nxc3 20. Nxc3 Ne8 21. Bxg7 Nxg7 22. Qb3 Nf5 23. Bg4 h5 24. Bxf5 Qxf5 25. Rfe1 Rc7 26. Re3 Rcd7 27. Rde1 Qg5 28. Rg3 Qd2 29. Rge3 Bxd5 30. Nxd5 Qxd5 31. Qxd5 Rxd5 32. Rxe7 R8d7 33. R1e3 Rd1+ 34. Kh2 1/2-1/2

[Event "SVK-chT"]
[Site "Slovakia"]
[Date "1994.??.??"]
[Round "?"]
[White "Dudas, Jan"]
[Black "Duriga, Stefan"]
[Result "1-0"]
[WhiteElo "2290"]
[BlackElo "2255"]
[PlyCount "61"]
[EventDate "1994.??.??"]
[EventType "team"]
[EventRounds "13"]
[EventCountry "SVK"]
[SourceTitle "TD"]
[Source "ChessBase"]
[SourceDate "1994.03.01"]
[SourceVersion "1"]
[SourceVersionDate "1994.03.01"]
[SourceQuality "1"]

1. c4 Nf6 2. Nc3 c6 3. d4 d5 4. e3 e6 5. Nf3 Be7 6. Bd3 0-0 7. 0-0 Nbd7 8. e4 dxe4 9. Nxe4 Nxe4 10. Bxe4 Nf6 11. Bc2 b6 12. Qd3 Bb7 13. Bg5 g6 14. Rad1 Rc8 15. Ne5 Nd7 16. Bxe7 Qxe7 17. Qg3 Rfd8 18. h4 Nf8 19. Rfe1 f6 20. Ng4 h5 21. Ne3 Qg7 22. Qf4 f5 23. c5 Ba6 24. Bb3 Kh7 25. Nc2 bxc5 26. dxc5 Bd3 27. Qg5 Rd7 28. Bxe6 Nxe6 29. Rxe6 Rcc7 30. Nb4 Be4 31. Rdd6 1-0

[Event "SVK-chT"]
[Site "Slovakia"]
[Date "1994.??.??"]
[Round "12"]
[White "Duriga, Stefan"]
[Black "Frindt, Kornel"]
[Result "1-0"]
[WhiteElo "2255"]
[BlackElo "2020"]
[PlyCount "87"]
[EventDate "1994.??.??"]
[EventType "team"]
[EventRounds "13"]
[EventCountry "SVK"]
[SourceTitle "TD"]
[Source "ChessBase"]
[SourceDate "1994.03.01"]
[SourceVersion "1"]
[SourceVersionDate "1994.03.01"]
[SourceQuality "1"]

1. d4 Nf6 2. c4 g6 3. Nc3 Bg7 4. e4 0-0 5. e5 Ne8 6. f4 d6 7. Be3 f6 8. Nf3 dxe5 9. dxe5 Qxd1+ 10. Rxd1 Nc6 11. exf6 Bxf6 12. Be2 Bf5 13. 0-0 e5 14. Bc5 Rf7 15. fxe5 Nxe5 16. Nd4 Bg4 17. Nd5 b6 18. Bxg4 Nxg4 19. Ba3 c5 20. Nf3 Bg7 21. Rfe1 Nef6 22. h3 Nxd5 23. cxd5 Nh6 24. Ne5 Re7 25. Nc6 Rxe1+ 26. Rxe1 Nf5 27. b3 Nd4 28. Re7 Nxc6 29. dxc6 Rc8 30. c7 Bf6 31. Rd7 Kf8 32. Bc1 Be7 33. Bf4 Ke8 34. Rd1 Bf6 35. Rd5 Ke7 36. Kf2 Ke6 37. Rd6+ Ke7 38. Kf3 Bd4 39. Rd5 Bf6 40. Ke4 Ke8 41. Rd6 Ke7 42. Kd5 g5 43. Bg3 Rxc7 44. Re6+ 1-0

[Event "SVK-chT"]
[Site "Slovakia"]
[Date "1994.??.??"]
[Round "?"]
[White "Kotan, Ladislav"]
[Black "Duriga, Stefan"]
[Result "1-0"]
[WhiteElo "2315"]
[BlackElo "2255"]
[PlyCount "125"]
[EventDate "1994.??.??"]
[EventType "team"]
[EventRounds "13"]
[EventCountry "SVK"]
[SourceTitle "TD"]
[Source "ChessBase"]
[SourceDate "1994.03.01"]
[SourceVersion "1"]
[SourceVersionDate "1994.03.01"]
[SourceQuality "1"]

1. e4 g6 2. d4 Bg7 3. Nc3 d6 4. Be3 c6 5. Qd2 b5 6. Bd3 a6 7. a4 Bb7 8. Nf3 Nd7 9. 0-0 b4 10. Ne2 c5 11. Ng3 Qc7 12. b3 h5 13. h3 Ngf6 14. Bg5 cxd4 15. Qxb4 e5 16. Nh4 d5 17. Rae1 Bf8 18. Qd2 dxe4 19. Nxe4 Nxe4 20. Bxe4 Bxe4 21. Rxe4 Bg7 22. Qxd4 0-0 23. Qc4 Qb6 24. Rd1 Rac8 25. Qb4 Qxb4 26. Rxb4 Nc5 27. Be3 Ne6 28. Rd2 Bf6 29. Nf3 Rc6 30. h4 Rfc8 31. c4 e4 32. Nd4 Nxd4 33. Bxd4 Bxh4 34. Rb6 Be7 35. Re2 f5 36. f3 Rxb6 37. Bxb6 Rc6 38. a5 Re6 39. fxe4 fxe4 40. c5 Kf7 41. b4 Bf6 42. Rc2 Rc6 43. Rc4 Ke6 44. Rxe4+ Kd5 45. Re2 Kc4 46. Rd2 Kxb4 47. Kf1 Bc3 48. Rd3 Kc4 49. Rd1 Bb4 50. Rc1+ Kd4 51. Rd1+ Ke3 52. Rc1 Kd2 53. Rc4 Ba3 54. Rd4+ Ke3 55. Rd5 Ke4 56. Rg5 Bc1 57. Rg3 Be3 58. Ke2 Bxc5 59. Bxc5 Rxc5 60. Rxg6 Rxa5 61. Rh6 Kf4 62. Kf2 Ra2+ 63. Kg1 1-0

[Event "SVK-chT"]
[Site "Slovakia"]
[Date "1994.??.??"]
[Round "13"]
[White "Tibensky, Robert"]
[Black "Duriga, Stefan"]
[Result "1-0"]
[WhiteElo "2425"]
[BlackElo "2255"]
[PlyCount "75"]
[EventDate "1994.??.??"]
[EventType "team"]
[EventRounds "13"]
[EventCountry "SVK"]
[SourceTitle "TD"]
[Source "ChessBase"]
[SourceDate "1994.03.01"]
[SourceVersion "1"]
[SourceVersionDate "1994.03.01"]
[SourceQuality "1"]

1. d4 Nf6 2. c4 e6 3. g3 d5 4. Nf3 c5 5. cxd5 exd5 6. Bg2 Nc6 7. 0-0 h6 8. b3 Be6 9. Nc3 Rc8 10. Bb2 Qa5 11. a3 Be7 12. dxc5 Qxc5 13. Rc1 0-0 14. e4 dxe4 15. Nxe4 Qb5 16. Nxf6+ Bxf6 17. Bxf6 gxf6 18. Qd2 Kg7 19. b4 Rfd8 20. Qf4 Qd3 21. Rfe1 Qxa3 22. b5 Ne7 23. Rxc8 Nxc8 24. Nd4 Rxd4 25. Qxd4 Nd6 26. Bf1 Nf5 27. Qg4+ Kf8 28. Qf4 Kg7 29. Qg4+ Kf8 30. Qe4 Qc3 31. Rd1 Qc7 32. Bg2 Nd6 33. Qb4 Ke7 34. Bxb7 Qb6 35. Bc6 Qc7 36. Qc5 f5 37. Ra1 Qb6 38. Rxa7+ 1-0

[Event "SVK-chT"]
[Site "Slovakia"]
[Date "1994.??.??"]
[Round "?"]
[White "Timoscenko, Gennadij A"]
[Black "Duriga, Stefan"]
[Result "1-0"]
[WhiteElo "2540"]
[BlackElo "2255"]
[PlyCount "91"]
[EventDate "1994.??.??"]
[EventType "team"]
[EventRounds "13"]
[EventCountry "SVK"]
[SourceTitle "TD"]
[Source "ChessBase"]
[SourceDate "1994.03.01"]
[SourceVersion "1"]
[SourceVersionDate "1994.03.01"]
[SourceQuality "1"]

1. d4 Nf6 2. c4 e6 3. Nc3 Bb4 4. Qc2 c5 5. dxc5 0-0 6. a3 Bxc5 7. Bf4 Nc6 8. e3 Nh5 9. Bg3 f5 10. Be2 Nxg3 11. hxg3 g6 12. Nh3 a6 13. g4 fxg4 14. Bxg4 Bxe3 15. 0-0 Bd4 16. Rad1 e5 17. Qe4 Kg7 18. Rd3 Qh4 19. Qe2 h5 20. Bf3 d6 21. Bd5 Bf5 22. Ne4 Qg4 23. Qe1 Bxe4 24. Bxe4 Rf6 25. Kh2 h4 26. f3 Qd7 27. b4 Rh8 28. Bd5 Ne7 29. Ng5 Rh5 30. Ne6+ Rxe6 31. Bxe6 Qxe6 32. Rxd4 Nf5 33. Rg4 b5 34. c5 d5 35. Rf2 Rh8 36. Rc2 d4 37. Re4 Ne3 38. Rxe3 dxe3 39. Qxe3 Qf5 40. Rd2 Re8 41. c6 Re6 42. Rd7+ Kf6 43. Qh6 Re8 44. Rd6+ Kf7 45. Qh7+ Kf8 46. Qh8+ 1-0